| 000 -LEADER |
| fixed length control field |
00723nam a22001697a 4500 |
| 005 - DATE AND TIME OF LATEST TRANSACTION |
| control field |
20241206100151.0 |
| 008 - FIXED-LENGTH DATA ELEMENTS--GENERAL INFORMATION |
| fixed length control field |
241206s2016 ru ||||| |||| 00| 0 rus d |
| 020 ## - INTERNATIONAL STANDARD BOOK NUMBER |
| International Standard Book Number |
9785000578063x |
| 080 ## - UNIVERSAL DECIMAL CLASSIFICATION NUMBER |
| Universal Decimal Classification number |
159.947.2 Б-46 |
| 100 ## - MAIN ENTRY--PERSONAL NAME |
| Personal name |
Бен-Шахар, Тал |
| 9 (RLIN) |
23876 |
| 245 ## - TITLE STATEMENT |
| Title |
Что ты выберешь? : |
| Remainder of title |
Решения, от которых зависит твоя жизнь / |
| Statement of responsibility, etc. |
Тал Бен-Шахар; Перевод с англ. Ф. Домина. |
| 264 ## - PRODUCTION, PUBLICATION, DISTRIBUTION, MANUFACTURE, AND COPYRIGHT NOTICE |
| Place of production, publication, distribution, manufacture |
Москва : |
| Name of producer, publisher, distributor, manufacturer |
«Манн, Иванов и Фербер», |
| Date of production, publication, distribution, manufacture, or copyright notice |
2016. |
| 300 ## - PHYSICAL DESCRIPTION |
| Extent |
260 стр.; |
| Other physical details |
22 см. |
| 653 ## - INDEX TERM--UNCONTROLLED |
| keyword |
ფსიქოლოგია |
| 700 ## - ADDED ENTRY--PERSONAL NAME |
| Personal name |
Домина, А. |
| Relator term |
მთარგმნელი |
| 9 (RLIN) |
23877 |
| 942 ## - ADDED ENTRY ELEMENTS (KOHA) |
| Source of classification or shelving scheme |
|
| Koha item type |
წიგნი |